00506 a2200157 4500003000500000005001700005040000900022082001100031245008500042505002900127650002200156651002600178655002300204999001900227952010200246Nust20170207154601.0 cNust a025.34 aChoosing your English: drills for lessons: Units 1-9, side 1: units 10-19 side 2 aAlmirah No.73 shelf No.6 aEnglish learning  aChoosing your English aDrills for lessons c198581d198581 00102ddc40708NFICaMCSbMCSd2016-12-12l0o025.34 CHOpMCSCst-3r2016-12-08w2016-12-12yBK